[Event "Graz-chB"]
[Site "Graz"]
[Date "2013.01.12"]
[Round "1"]
[White "Schuetz, Christian"]
[Black "Simenc, Thomas"]
[Result "1-0"]
[WhiteElo "1966"]
[BlackElo "1669"]
[PlyCount "63"]
[EventDate "2013.01.12"]
[EventType "swiss"]
[EventRounds "7"]
[EventCountry "AUT"]
[SourceTitle "EXT 2022"]
[Source "ChessBase"]
[SourceDate "2021.10.06"]
[SourceVersion "1"]
[SourceVersionDate "2021.10.06"]
[SourceQuality "1"]

1. d4 Nf6 2. c4 e6 3. Nf3 b6 4. g3 Bb7 5. Bg2 d5 6. Ne5 Be7 7. 0-0 0-0 8. Nc3 c6 9. Qc2 Na6 10. Rd1 Rc8 11. Bf4 Re8 12. Rac1 Bf8 13. e4 Nd7 14. exd5 cxd5 15. cxd5 exd5 16. Qb3 Nf6 17. Nb5 Rxc1 18. Rxc1 Qa8 19. Bg5 Re6 20. Bh3 Re8 21. Qf3 Be7 22. a3 h6 23. Be3 Rf8 24. Qe2 Ne4 25. Bd7 Nd6 26. Nc6 Bxc6 27. Bxc6 Qc8 28. Bxd5 Qd8 29. Nxa7 Nc7 30. Bg2 Ne6 31. Nc6 Qd7 32. d5 1-0